Perpetuando el desplazamiento interno: la mala aplicación de la alternativa de huida interna y los requisitos de visado relativos a solicitantes de asilo colombianos /
Salvato in:
| Autore principale: | |
|---|---|
| Natura: | testo |
| Tags: |
Aggiungi Tag
Nessun Tag, puoi essere il primo ad aggiungerne!!
|
MARC
| LEADER | 00000 a a2200000 04500 | ||
|---|---|---|---|
| 001 | 48464 | ||
| 003 | |||
| 040 | |||
| 100 | |a Bailliet, Cecilia | ||
| 245 | |a Perpetuando el desplazamiento interno: |b la mala aplicación de la alternativa de huida interna y los requisitos de visado relativos a solicitantes de asilo colombianos / |c Cecilia Bailliet | ||
| 773 | |g número5, (1999), páginas 28-30 | ||
| 999 | |c 22082 |d 22082 | ||
